01562nam a2200325 a 450000100100000000500170001000800410002702000150006804000250008308200260010810000310013424501450016525000120031026000570032230000280037950000330040750000730044050400320051359000270054565000200057265000360059265100660062865100560069470000390075091000370078995201390082695201240096595201300108999900170121900001632520260417174403.0100303s2000 dr a r 000 0 spa d a9993480908 aDO-SdBNPbspacBNPHU a327.7293bM828d, 20001 aMorales Lama, Manuel9299810aDiplomacia contemporánea :bteoría y práctica para el ejercicio profesional /cManuel Morales Lama ; prólogo Benjamín Ruiz Sobero. a4a. ed. aSanto Domingo :bFundación Antonio M. Lama,c2000. a530 p. :bil. ;c24 cm. aIncluye índice analítico aIncluye referencias bibliográficas y notas al pie de las páginas aBibliografía : p. 499-512 aInventariado, 2019/MFF 0aDiplomacia9398 0aDocumentos diplomáticos92999 4aRepública DominicanaxServicio Diplomatico Y Consular93000 4aRepública DominicanaxRelaciones Exteriores922581 aRuiz Sobero, Ruiz,epról.936432 aValidado. Control de calidad MFF 001054708DSaGRbGRcHDd2010-03-03iLF1l0o327.7293 M828d, 2000p16325-30r2020-06-25te. 3w2020-06-25yLFDSZPréstamo en sala 0010718PDaPDbPDcHDd2010-03-03iLF1l0o327.7293 M828d, 2000p16325-10r2020-06-25w2020-06-25yLFPDZNo se presta 0010718PDaPDbPDcHDd2010-03-03iLF1l0o327.7293 M828d, 2000p16325-20r2020-06-25te. 2w2020-06-25yLFPDZNo se presta c15860d15860